000 00686nam a2200277Ia 4500
005 20260324133639.0
008 008 260324s9999 xx 000 0 eng d
020 _a9781315078168
037 _aEBOOK
040 _aCRL
040 _beng
040 _cCRL
041 _2eng
041 _aeng
084 _qCRL
100 _aL. Huss; K. King; A. Camilleri
_91193864
245 0 _aTranscending Monolingualism: Linguistic Revitalization in Education
260 _bTaylor and Francis
260 _c2003
365 _a
365 _b220
856 _uhttp://www.taylorfrancis.com/books/9781315078168
942 _cEBOOK
999 _c1793139
_d1793139